| 000 | 00831nas a2200265 4500 | ||
|---|---|---|---|
| 001 | BR9101243 | ||
| 003 | BR-BrBNA | ||
| 005 | 20231205091955.0 | ||
| 007 | ta | ||
| 008 | 230509b bl.|||p| |||| 00| 00por d | ||
| 040 |
_aBR-BrBNA _bpor _cBiblioteca Nacional de Agricultura |
||
| 041 | _a(Pt) | ||
| 072 | _aE16 | ||
| 100 | 1 | _aPorto, V.H. da F. | |
| 100 | 1 | _aInfeld, J.A. | |
| 100 | 1 | _aAzambuja, I.H.V. | |
| 245 | 1 | _aAnalise economica, sob condicoes de risco, de seis variedades de arroz irrigado, em seis epocas de semeadura | |
| 650 | _aARROZ IRRIGADO | ||
| 650 | _aVARIEDADE | ||
| 650 | _aANALISE ECONOMICA | ||
| 650 | _aEPOCA DE SEMEADURA | ||
| 773 | 0 |
_tLavoura Arrozeira (Brazil) _xISSN 0023-9143 _g(Jul-Aug 1985), v. 38(359) p. 18-21 _wBR9101243 |
|
| 909 |
_a202311 _bLúcia _c55 _dLúcia Elande |
||
| 942 |
_2AGRIS _n0 _cANA |
||
| 999 |
_c128467 _d128467 |
||